| 000 | 00561nam a2200205Ia 4500 | ||
|---|---|---|---|
| 005 | 20250923144507.0 | ||
| 008 | 008 250917s9999 xx 000 0 eng d | ||
| 037 | _aTextual | ||
| 040 |
_aDSWL _beng _cDSWL |
||
| 041 |
_aeng _2eng |
||
| 084 | _qDSWL | ||
| 100 |
_aPurcell, Theodore . V. _9825437 |
||
| 245 | 0 |
_aWorker speaks his mind on company & union _cby Theodore V. Purcell |
|
| 260 |
_aCambridge _bHarvard Univ Press _c1953 |
||
| 300 | _axix,344p. | ||
| 365 |
_aUSD _b6 |
||
| 925 | _g6 | ||
| 942 | _cTEXL | ||
| 999 |
_c1439605 _d1439605 |
||